Normal view MARC view
  • Zulfiqar, Ghulam Hussain

Entry Personal Name

Number of records used in: 1

001 - CONTROL NUMBER

  • control field: 16897

003 - CONTROL NUMBER IDENTIFIER

  • control field: NUST

005 - DATE AND TIME OF LATEST TRANSACTION

  • control field: 20190706061750.0

008 - FIXED-LENGTH DATA ELEMENTS

  • fixed length control field: 190706|| aca||aabn | a|a d

040 ## - CATALOGING SOURCE

  • Original cataloging agency: NUST
  • Transcribing agency: NUST

100 ## - HEADING--PERSONAL NAME

  • Personal name: Zulfiqar, Ghulam Hussain

670 ## - SOURCE DATA FOUND

  • Source citation: Work cat.: (NUST): Zulfiqar, Ghulam Hussain, Iqbal k Pegham-Nissad-e-Noo k Name /, 2005.
© 2023 Central Library, National University of Sciences and Technology. All Rights Reserved.